Insects and spiders / (Record no. 3826)

MARC details
000 -LEADER
fixed length control field 01322cam a2200265 i 4500
005 - DATE AND TIME OF LATEST TRANSACTION
control field 20240515134351.0
020 ## - INTERNATIONAL STANDARD BOOK NUMBER
International Standard Book Number 9780531223383 (pbk.)
040 ## - CATALOGING SOURCE
Original cataloging agency DLC
Language of cataloging eng
Transcribing agency DLC
Description conventions rda
Modifying agency DLC
050 00 - LIBRARY OF CONGRESS CALL NUMBER
Classification number QL467.T395
Item number 2014
082 00 - DEWEY DECIMAL CLASSIFICATION NUMBER
Classification number 595.4
100 1# - MAIN ENTRY--PERSONAL NAME
Personal name Taylor-Butler, Christine
245 10 - TITLE STATEMENT
Title Insects and spiders /
Statement of responsibility, etc. Christine Taylor-Butler.
260 ## - PUBLICATION, DISTRIBUTION, ETC.
Place of publication, distribution, etc. New York :
Name of publisher, distributor, etc. Scholastic ;
Date of publication, distribution, etc. 2014
300 ## - PHYSICAL DESCRIPTION
Extent 48 pages :
Other physical details color illustrations, color map ;
Dimensions 22 cm.
490 0# - SERIES STATEMENT
Series statement A True Book
505 ## - FORMATTED CONTENTS NOTE
Formatted contents note U <br/>
520 ## - SUMMARY, ETC.
Summary, etc. The animal kingdom is vast and varied, with millions of different species living today. Readers will learn about Earth's most recognizable animal groups, from creepy crawly insects to fierce jungle cats and massive sea creatures. Compelling text encourages readers to investigate further into interesting species Glossaries provide definitions of important vocabulary words Sidebars and timelines illustrate how these animals have grown and changed over time Additional content for further learning on this subject available at www.factsfornow.scholastic.com
521 1# - TARGET AUDIENCE NOTE
Target audience note 830 <br/>
Source Lexile <br/>
521 2# - TARGET AUDIENCE NOTE
Target audience note U <br/>
Source Raz-Plus <br/>
650 #0 - SUBJECT ADDED ENTRY--TOPICAL TERM
Topical term or geographic name entry element Insects
Form subdivision Juvenile literature.
650 #0 - SUBJECT ADDED ENTRY--TOPICAL TERM
Topical term or geographic name entry element Spiders
Form subdivision Juvenile literature.
906 ## - LOCAL DATA ELEMENT F, LDF (RLIN)
a 7
b cbc
c orignew
d 1
e ecip
f 20
g y-gencatlg
942 ## - ADDED ENTRY ELEMENTS (KOHA)
Source of classification or shelving scheme Dewey Decimal Classification
Koha item type Books
Suppress in OPAC No
999 ## -
-- 3826
-- 3826
Holdings
Withdrawn status Lost status Source of classification or shelving scheme Damaged status Not for loan Collection Home library Current library Shelving location Date acquired Total Checkouts Full call number Barcode Date last seen Price effective from Koha item type
    Dewey Decimal Classification     Non-Fiction Footprints International School Library Network Toul Tom Poung Campus Footprints International School Library Network Toul Tom Poung Campus TTP Secondary Non-Fiction Bookshelves 05/15/2024   TAY 595.4 QL467.T395 FISTK01608 05/15/2024 05/15/2024 Books